000 00312nam a22001337a 4500
008 171018b xxu||||| |||| 00| 0 eng d
020 _a9780716766308
041 _aeng
080 _a338
100 _a53
101 _aMEN
245 _aGAMES, STRATEGIES, AND DECISION MAKING
_cHARRINGTON,J,E
942 _2udc
_cBK
999 _c34703
_d34703